000 003170000a22001450004500
003 MACL
040 _aMACL
090 _c8718
_d8717
100 _aTiwari, Purshotam
245 _aDigital Library
260 _bA P H Publishing
_c2008
350 _a595
650 _aLibrary And Information Science
942 _cBOOK
_k020
999 _c8663
_d8663